| 000 | 00489nam a2200181Ia 4500 | ||
|---|---|---|---|
| 008 | 180207s9999 xx 000 0 und d | ||
| 020 | _a9780060279806 | ||
| 050 | _bC979 2000 | ||
| 100 | _aCurtis, Jamie Lee. | ||
| 245 | _aWhere do balloons go? : | ||
| 245 | _ban uplifting mystery / | ||
| 245 | _cJamie Lee Curtis ; illustrated by Laura Cornell. | ||
| 260 | _aUSA : | ||
| 260 | _bJoanna Cotler Books, | ||
| 260 | _c2000 | ||
| 300 | _aunpaged : | ||
| 300 | _bcolor illustration ; | ||
| 999 |
_c355020 _d355020 |
||